|
|
|
|
| LEADER |
01423nem a2200385 a 4500 |
| 001 |
000385647 |
| 003 |
CZ BrMZK |
| 005 |
20070221090958.0 |
| 008 |
010907s1998 xr f cze d |
| 015 |
|
|
|a cnb000645987
|
| 020 |
|
|
|a 80-85999-15-3
|
| 040 |
|
|
|a BOA001
|b cze
|
| 043 |
|
|
|a e-xr---
|b e-xr-cc
|2 czenas
|
| 080 |
|
|
|a 796.51
|2 MRF
|
| 080 |
|
|
|a 913(437.31-16)
|2 MRF
|
| 080 |
|
|
|a (234.582)
|2 MRF
|
| 080 |
|
|
|a 912.43:796.5
|2 MRF
|
| 080 |
|
|
|a (084.3)
|2 MRF
|
| 245 |
0 |
0 |
|a České středohoří - západ :
|b turistická mapa
|h [kartografický dokument] /
|c [redaktor Jiří Rohlík]
|
| 250 |
|
|
|a 2. vyd.
|
| 255 |
|
|
|a 1:50 000
|
| 260 |
|
|
|a Praha :
|b Klub českých turistů,
|c 1998
|
| 300 |
|
|
|a 1 list ;
|c 58 x 89 cm složený na 19 x 13 cm
|
| 490 |
1 |
|
|a Edice Klubu českých turistů ;
|v 10
|
| 490 |
1 |
|
|a Soubor turistických map
|
| 500 |
|
|
|a Podnáz. a vysvětl. též něm. a angl. - Barev. slož. m. s textem na rubu
|
| 650 |
0 |
7 |
|a pěší turistika
|7 ph124864
|z Česko
|2 czenas
|
| 655 |
|
7 |
|a turistické mapy
|7 fd133737
|2 czenas
|
| 651 |
|
7 |
|a České středohoří (Česko : oblast)
|7 ge131706
|2 czenas
|
| 700 |
1 |
|
|a Rohlík, Jiří,
|d 1933-
|7 jk01102602
|4 edt
|
| 830 |
|
0 |
|a Edice Klubu českých turistů
|
| 830 |
|
0 |
|a Soubor turistických map
|
| 910 |
|
|
|a BOA001
|b Skř.9A-1054.106
|
| 990 |
|
|
|a MP
|
| 996 |
6 |
|
|b 2610084373
|c Skř.9A-1054.106
|l MZK
|r Sklad / do 24 hodin
|n 3
|p p.v.
|w 000385647
|u 000010
|a 1
|e BOA001
|j MZK50
|s P
|